Famous People from Grand Island by Picture - Statistics

General Stats
  • This quiz has been taken 4 times
  • The average score is 5 of 15
Answer Stats
Picture Hint Answer % Correct
Actor (1905-1982) Henry Fonda
100%
Talk Show Host (born 1936) Dick Cavett
50%
Football Player (1931-1985) Bobby Reynolds
25%
Jockey (born 1987) Channing Hill
25%
Sprinter (1907-2004) George Baird
25%
Social Worker (1878-1939) Grace Abbott
25%
Football Player & Coach (born 1969) John Parrella
25%
Basketball Player (born 1967) Mike Higgins
25%
Incredibly Heavy Man (1962-2016) Patrick Deuel
25%
Sportscaster (born 1969) Rick Allen
25%
Miss America (born 1937) Sharon Ritchie
25%
Wildlife Photographer & Conservationist (born 1946) Thomas D. Mangelsen
25%
Basketball Player & Coach (born 1953) Tom Kropp
25%
Football Player & Coach (born 1962) Tom Rathman
25%
U.S. Senator & Mayor (1853-1937) William H. Thompson
25%
No matching quizzes found
Score Distribution
Percent of People with Each Score
Percentile by Number Answered
Your Score History
You have not taken this quiz